01130nam a2200265Ia 4500001002300000003000700023005001700030007000700047008004100054040002100095020002200116020002500138035002000163100002000183245006600203250002000269260003700289300001100326856009600337856010100433942000700534506015000541506015400691999001900845brideofmisfortun00blakCaSfIA20210117221713.0cr||||910315s1974 nyu 000 0 eng d aJBRcJBRdCaSfIA a067177929X (pbk.) a9780671779290 (pbk.) a(OCoLC)232517951 aBlake, Vanessa.10aBride of misfortune /h[electronic resource] cVanessa Blake. aPocket Book ed. aNew York :bPocket Books,c1974. a176 p.41uhttp://www.archive.org/details/brideofmisfortun00blakzFree eBook from the Internet Archive42uhttp://www.openlibrary.org/books/OL24372043MzAdditional information and access via Open Library cEB fНеобхідна авторизація на https://archive.org/ (створення облікового запису безкоштовно) fНеобхідна авторизація на https://openlibrary.org/ (створення облікового запису безкоштовно) c476518d476518